| 000 | 00591 a2200229 4500 | ||
|---|---|---|---|
| 260 | _a[Paris] | ||
| 100 | _aHAY, Jef | ||
| 260 | _bPublitronic | ||
| 245 | _aThyristors et triacs : les semi conducteurs à avalanche et leurs applications | ||
| 300 | _a283 p. | ||
| 650 | _a<Thyristors><Triacs><Circuits électroniques> | ||
| 260 | _c1998 | ||
| 300 | _bfig. ; 24 cm. | ||
| 130 | _lFr. | ||
| 035 | _a12949 | ||
| 250 | _a2e tir. | ||
| 020 | _a2-86661-051-2 | ||
| 999 |
_c10457 _d10457 |
||